Everlasting Classic Proverbs/ (Record no. 188731)

MARC details
000 -LEADER
fixed length control field 00538nam a22001817a 4500
005 - DATE AND TIME OF LATEST TRANSACTION
control field 20220602121103.0
010 ## - LCCN (DPL NO)
LC control number ENG-132942
020 ## - INTERNATIONAL STANDARD BOOK NUMBER
International Standard Book Number 9788192497389
Terms of availability 164.00
035 ## - SYSTEM CONTROL NUMBER
System control number EN-116474
037 ## - SOURCE OF ACQUISITION
Source of stock number/acquisition DBAD/PUB
082 ## - DEWEY DECIMAL CLASSIFICATION NUMBER
Classification number 398.6
100 ## - MAIN ENTRY--PERSONAL NAME
Personal name Raju, Geeta
245 ## - TITLE STATEMENT
Title Everlasting Classic Proverbs/
Statement of responsibility, etc Geeta Raju
260 ## - PUBLICATION, DISTRIBUTION, ETC. (IMPRINT)
Place of publication, distribution, etc New Delhi
Name of publisher, distributor, etc Zen Education
Date of publication, distribution, etc 2014
270 ## - ADDRESS
Address 4787/23, Ansari Road, Darya Ganj
City New Delhi
Postal code 110002
Electronic mail address zen.educare@gmail.com
300 ## - PHYSICAL DESCRIPTION
Extent 227p.
Dimensions 21cm(pbk)
942 ## - ADDED ENTRY ELEMENTS (KOHA)
Source of classification or shelving scheme Dewey Decimal Classification
Item type English Books
Classification part 398.6
Call number suffix RAJ
Holdings
Withdrawn status Lost status Not for loan Collection code Home library Current library Date acquired Source of acquisition Cost, normal purchase price Full call number Barcode Copy number Cost, replacement price Koha item type
      Non-fiction Patel Nagar Patel Nagar 02/06/2022 DBAD/PUB 164.00 398.6 RAJ EN-116474 1 164.00 English Books

© Delhi Public Library
Hit Counter
free hit counter